Statistiques concernant Titres de chanson de Queen - Clic quiz

Cliquez ici pour prendre le quiz!

Statistiques générales

  • Ce quiz a été pris 237 fois
  • Le résultat moyen est 23 sur 42

Statistiques - réponses

HintRéponse% Correct
Bohemian ...Rhapsody
99%
We Are the ...Champions
97%
Another One Bites the ...Dust
97%
... Ga GaRadio
95%
The ... Must go onShow
94%
We Will ... YouRock
92%
I Want to Break ...Free
90%
Under ...Pressure
87%
... of my LifeLove
80%
... QueenKiller
78%
... to LoveSomebody
78%
A Kind of ...Magic
76%
You're my Best ...Friend
71%
Who Wants to Live ...Forever
69%
... RaceBicycle
68%
Crazy Little ... Called LoveThing
68%
Fat Bottomed ...Girls
66%
Made in ...Heaven
58%
... Will Be FriendsFriends
54%
Good Old-Fashioned Lover ...Boy
51%
Play the ...Game
50%
The Invisible ...Man
50%
Save ...Me
48%
It's a Hard ...Life
47%
... to FallHammer
46%
Seven ... of RhyeSeas
45%
Thank God it's ...Christmas
44%
Spread your ...Wings
40%
Princes of the ...Universe
39%
Father to ...Son
34%
Tie Your ... DownMother
31%
Living on my ...Own
31%
One ...Vision
31%
Doing ...Alright
29%
Now I'm ...Here
29%
I'm Going Slightly ...Mad
29%
You Don't ... MeFool
26%
The ...Miracle
24%
...Flash
22%
... Must FallRain
21%
Stone Cold ...Crazy
18%
My Fairy ...King
15%

Distribution des résultats

Percentile par nombre de réponses

% des personnes avec chaque résultat

Votre développement - résultats

Vous n’avez pas pris ce quiz